Právní aspekty rozvoje přeshraničních veřejných služeb v Evropské Unii
Identifikácia hlavných prekážok v rozvoji cezhraničných služieb a sformulovanie právnych a správnych odporúčaní pre ich ďalší rozvoj.
Salvato in:
| Autore principale: | |
|---|---|
| Natura: | Capitolo di libro |
| Lingua: | ceco |
| Soggetti: | |
| Tags: |
Nessun Tag, puoi essere il primo ad aggiungerne!!
|
MARC
| LEADER | 00000naa a2200000 4500 | ||
|---|---|---|---|
| 001 | 0304580 | ||
| 005 | 20241014094330.0 | ||
| 041 | 0 | |a cze | |
| 044 | |a CZ | ||
| 245 | 1 | 0 | |a Právní aspekty rozvoje přeshraničních veřejných služeb v Evropské Unii |c Lukáš Novotný |
| 520 | |a Identifikácia hlavných prekážok v rozvoji cezhraničných služieb a sformulovanie právnych a správnych odporúčaní pre ich ďalší rozvoj. | ||
| 610 | 2 | 0 | |a ruch cestovný |
| 610 | 2 | 0 | |a Európska únia |
| 610 | 2 | 0 | |a právo |
| 610 | 2 | 0 | |a legislatíva |
| 610 | 2 | 0 | |a zákony |
| 610 | 2 | 0 | |a spolupráca cezhraničná |
| 610 | 2 | 0 | |a služby verejné |
| 100 | 1 | |a Novotný, Lukáš | |